Old d1 logos pt 3 - Statistics

General Stats
  • This quiz has been taken 5 times
  • The average score is 18 of 28
Answer Stats
Picture Answer % Correct
Albany
100%
Brown
100%
Cal Poly
100%
Howard
100%
Indiana State
100%
Southern Illinois
100%
Stephen F Austin
100%
Texas Southern
100%
Idaho State
80%
Maine
80%
North Dakota
80%
Northwestern State
80%
San Diego
80%
Utah Valley
80%
Merrimack
60%
Monmouth
60%
Northern Colorado
60%
SEMO
60%
Stonehill
60%
Elon
40%
Long Island
40%
Southern
40%
William & Mary
40%
Charleston Southern
20%
Illinois State
20%
Samford
20%
Weber State
20%
Northern Iowa
0%
No matching quizzes found
Score Distribution
Percent of People with Each Score
Percentile by Number Answered
Your Score History
You have not taken this quiz